000 01865 a2200397 4500
020 _a0415076072
020 _a9780415076074
082 0 4 _a300.72
090 _c565
_d565
100 1 _aSayer, Andrew.
245 1 0 _aMethod in social science :
_brevised 2nd edition /
_cAndrew Sayer.
250 _a2nd ed.
260 _a[S.l.] :
_bRoutledge,
_c1992.
300 _a328 p. ;
_c22 cm.
500 _aPaperback.
520 _aIn its first publication, Method in Social Science was widely praised for its penetrating analysis of central questions in social science discourse. This second edition addresses new developments in the related areas of philosophy and method. Andrew Sayer has rewritten and substantially enlarged the introduction, which further clarifies many of the arguments that appear in the text. His brief discussion of the importance of narrative form will be particularly useful to students concerned with the problems of writing, composition, and presentation of their material.
650 4 _aSociology & Anthropology: Professional.
650 4 _aPhilosophy Of Social Science.
650 4 _aSocial Sciences Research.
650 4 _aSocial research & statistics.
650 4 _aSocial theory.
650 4 _aSociology, Social Studies.
650 4 _aSociology.
650 4 _aSocial Science.
650 4 _aMethodology.
650 4 _aSocial sciences.
650 4 _aResearch.
650 4 _aSocial Science / Research.
650 4 _aSocial Science / Sociology / General.
650 4 _aSocial Science : Sociology - General.
650 4 _aSociology - General.
650 4 _aSocial sciences - Methodology.
856 4 0 _3Amazon.com
_uhttp://www.amazon.com/exec/obidos/ASIN/0415076072/chopaconline-20
856 4 0 _3Amazon customer reviews
_uhttp://www.chopac.org/cgi-bin/tools/azrev.pl?q=0415076072
942 _aNBS
_cBK
_k001.42 DEN
999 _c343122
_d343122